Govt. of
Madhya Pradesh

Complete works of Goswami Tulsidas (Record no. 14154)

MARC details
000 -LEADER
fixed length control field 005230000a22001930004500
001 - CONTROL NUMBER
control field 002241
003 - CONTROL NUMBER IDENTIFIER
control field MACL
005 - DATE AND TIME OF LATEST TRANSACTION
control field 20150814121444.0
008 - FIXED-LENGTH DATA ELEMENTS--GENERAL INFORMATION
fixed length control field 150814b xxu||||| |||| 00| 0 eng d
040 ## - CATALOGING SOURCE
Original cataloging agency MACL
Transcribing agency MACL
041 ## - LANGUAGE CODE
Language code of text/sound track or separate title English
082 ## - DEWEY DECIMAL CLASSIFICATION NUMBER
Classification number 491.2/BAN
100 ## - MAIN ENTRY--PERSONAL NAME
Personal name Bahadur, S.P.
9 (RLIN) 5531
245 ## - TITLE STATEMENT
Title Complete works of Goswami Tulsidas
Remainder of title Ramacharimanasa
Statement of responsibility, etc. S.P. Bahadur
260 ## - PUBLICATION, DISTRIBUTION, ETC. (IMPRINT)
Place of publication, distribution, etc. New Delhi
Date of publication, distribution, etc. 1994
Name of publisher, distributor, etc. Munshiram Manoharlal Publisher Pvt Ltd,
350 ## - PRICE (NR) (BK AM CF MU VM SE) [OBSOLETE]
Price 350
650 ## - SUBJECT ADDED ENTRY--TOPICAL TERM
Topical term or geographic name as entry element Literature
9 (RLIN) 5532
942 ## - ADDED ENTRY ELEMENTS (KOHA)
Call number prefix 491
Koha item type Books
Source of classification or shelving scheme
Holdings
Withdrawn status Lost status Source of classification or shelving scheme Damaged status Not for loan Home library Current library Date acquired Cost, normal purchase price Total Checkouts Full call number Barcode Date last seen Uniform Resource Identifier Price effective from Koha item type
          MACL MACL 15/04/2015 350.00   491.2/BAN CRE010326 02/05/2024 14036 15/04/2015 Books